Gay love signs: the new astrology guide for men who love man /

সংরক্ষণ করুন:
গ্রন্থ-পঞ্জীর বিবরন
প্রধান লেখক: Jay, Michael (লেখক)
বিন্যাস: গ্রন্থ
ভাষা:ইংরেজি
প্রকাশিত: New York : Plume Book, c1990
সংস্করন:revised edition
ট্যাগগুলো: ট্যাগ যুক্ত করুন
কোনো ট্যাগ নেই, প্রথমজন হিসাবে ট্যাগ করুন!

MARC

LEADER 00000nam a22000007i 4500
001 IT\ICCU\UBO\3155208
003 ItRI
005 20260115231818.0
008 070228s1990 xxu|||||| ||||| |||||c
020 |a 0452264316 
040 |b ita  |c importazione bologna sebina 
041 7 |a eng  |2 ISO-639-2 
100 1 |a Jay, Michael  |0 IT\ICCU\UBOV\081150  |4 aut 
245 1 0 |a Gay love signs: the new astrology guide for men who love man /  |c Michael Jay. 
250 |a revised edition 
260 |a New York :  |b Plume Book,  |c c1990 
300 |a XV, 445 p. ;  |c 20 cm. 
942 |2 ddc  |c BK  |n 0 
952 |0 0  |1 0  |4 0  |6 DOC_133_581000000000000_JAY  |7 0  |9 13252  |a BO  |b BO  |d 2026-01-15  |i 2475  |l 0  |o DOC 133.581 JAY  |p BO2475  |r 2026-01-15 23:18:18  |w 2026-01-15  |x [Sebina 5] [1 v.]  |y BK  |z 1 v. 
999 |c 11374  |d 11374